000 00366nam a2200133Ia 4500
008 150202s9999 xx 000 0 und d
020 _a345354621
050 _aFIC
_bFIC
100 _aCrichton, Michael.
245 4 _aThe terminal man /
_cMichael Crichton.
260 _aNew York :
_bBallantine Books,
_c1972.
300 _a268 pages :
_c18 cm.
650 _aFiction.
999 _c281966
_d281966